Čas - základný zdroj manažéra
Čas ako základný zdroj v činnosti manažéra. Nedostatok času a racionálne využívanie času manažérmi. Dve cesty, ako si ušetriť čas na riešenie zásadných, koncepčných otázok. Konsolidácia disponibilného času. Opatrenia zamerané na zoskupovanie ušetreného času do väčších časových úsekov.
Na minha lista:
| Autor principal: | |
|---|---|
| Formato: | Capítulo de Livro |
| Idioma: | eslovaco |
| Assuntos: | |
| Tags: |
Sem tags, seja o primeiro a adicionar uma tag!
|
MARC
| LEADER | 00000naa a2200000 4500 | ||
|---|---|---|---|
| 001 | r026240 | ||
| 005 | 20230825080139.1 | ||
| 041 | 0 | |a slo | |
| 044 | |a SK | ||
| 245 | 1 | 0 | |a Čas - základný zdroj manažéra |c Klement Kačír |
| 520 | |a Čas ako základný zdroj v činnosti manažéra. Nedostatok času a racionálne využívanie času manažérmi. Dve cesty, ako si ušetriť čas na riešenie zásadných, koncepčných otázok. Konsolidácia disponibilného času. Opatrenia zamerané na zoskupovanie ušetreného času do väčších časových úsekov. | ||
| 610 | 2 | 0 | |a faktor času |
| 610 | 2 | 0 | |a manažéri |
| 610 | 2 | 0 | |a organizácia práce |
| 610 | 2 | 0 | |a využitie času pracovného |
| 100 | 1 | |a Kačír, Klement | |